|
|
|
|
| LEADER |
02026nam a2200409 a 4500 |
| 001 |
mzk03001071125 |
| 003 |
CZ BrMZK |
| 005 |
20210607133755.0 |
| 007 |
ta |
| 008 |
090416s1549 gw fr|||||00| ||latod |
| 040 |
|
|
|a BOA001
|b cze
|
| 072 |
|
7 |
|a 094
|x Staré tisky
|2 Konspekt
|9 12
|
| 080 |
|
|
|a (0.068)094
|2 MRF
|
| 100 |
0 |
|
|a Māšā'allāh Ibn-Aṯarī,
|d zemř. 815
|4 aut
|
| 245 |
1 |
0 |
|a Messahalae Antiqvissimi Aclavdatissimi Inter Arabes Astrologi, Libri tres :
|b nunc primum illustris Principis ac Domini D. Georgij Ernesti Comitis Hennenbergensis celebri famae ac gloriae dicati, & editi à Ioachimo Hellero Noribergensium Mathematico. Liber primus de Reuolutione annorum mundi. Liber Secundus de Significatione Planetarum in natiuitatibus. Liber Tertius, de Receptione. Singulorum librorum capita initijs ipsorum praefixa inuenies
|
| 260 |
|
|
|a Norimbergae :
|b apud Ioannem Montanum, & Vlricum Neuberum,
|c 1549
|
| 300 |
|
|
|a A6, B-R4 [=70] listů ;
|c 4°
|
| 500 |
|
|
|a Výzdoba: Iniciály, signet
|
| 501 |
|
|
|a Přívazek 2 k: Tractatvs de Nativitatibvs per Lvcam gavricvm Geophonensem ... / Abraham Ibn Ezra
|
| 510 |
3 |
|
|a DNB
|
| 510 |
4 |
|
|a VD16,
|c VD16 M 1325
|u http://gateway-bayern.de/VD16+M+1325
|
| 510 |
4 |
|
|a USTC,
|c USTC 675723
|u https://www.ustc.ac.uk/editions/675723
|
| 655 |
|
7 |
|a staré tisky
|7 fd422076
|2 czenas
|
| 700 |
1 |
|
|a Heller, Joachim,
|d 1518-1590
|7 mzk2009532445
|4 aut
|
| 700 |
1 |
|
|a Brusch, Kaspar,
|d 1518-1557
|7 ola2003188652
|4 aut
|
| 700 |
1 |
|
|a Moibanus, Johannes,
|d 1527-1562
|7 mzk2009511233
|4 aut
|
| 856 |
4 |
2 |
|u http://data.onb.ac.at/rep/108DEEC8
|y Digitalizovaný dokument
|z exemplář Österreichische Nationalbibliothek, sign. 72.G.9
|
| 903 |
|
|
|a RP
|
| 910 |
|
|
|a BOA001
|b CH-0002.806,přív.2
|
| 978 |
|
|
|b Berg, Johann vom
|a Nürnberg
|c 1549
|
| 978 |
|
|
|b Neuber, Ulrich
|a Nürnberg
|c 1549
|
| 984 |
|
|
|a Norimberk
|b Německo
|
| 985 |
|
|
|a 1501-1550
|
| 990 |
|
|
|a BK
|
| 993 |
|
|
|a Y
|
| 991 |
|
|
|k mzk
|
| 994 |
|
|
|a UP
|l MZK03
|b 001071123
|m přívazek 2
|n záznam 1. díla (pro objednání pokračujte kliknutím)
|